Eurovision double winners - Sudden death - Statistics

General Stats
  • This quiz has been taken 120 times
  • The average score is 12 of 14
Answers on the Grid
Answers color-coded by a green-red scale on the quiz's grid according to % correct below.
Ireland
Sweden
Australia
Finland
Luxembourg
France
UK
Portugal
Italy
Morocco
Serbia
Albania
North Macedonia
Austria
Norway
Turkey
Russia
Azerbaijan
Belgium
Lithuania
Latvia
Spain
Denmark
Croatia
Netherlands
San Marino
Yugoslavia
Malta
Iceland
Germany
Ukraine
Switzerland
 
Answer Stats
Answer % Correct
Ireland
97%
Sweden
97%
France
90%
Italy
90%
Luxembourg
89%
UK
89%
Norway
86%
Austria
85%
Netherlands
80%
Switzerland
80%
Germany
77%
Ukraine
75%
Denmark
73%
Spain
72%
No matching quizzes found
Score Distribution
Percent of People with Each Score
Percentile by Number Answered
Your Score History
You have not taken this quiz